000 00752nam a22002417a 4500
003 UA-OsUOA
001 112684
007 ta
008 20150721b un ||||| |||| 00| 0 ukr d
100 _aБіломістна І.
700 _aБіломістний О.
700 _aОлійник О.
090 _a330(477)
_bБ67
942 _cSA
040 _aUA-OsUOA
_bukr
_cUA-OsUOA
_dUA-OsUOA
245 _aОсобливості діагностування фінансової безпеки виробничого підприємства
300 _aС.87-94
955 _a0
041 _aukr
080 _a330(477)
773 0 _w112675
_tБанківська справа
_dК.
_d2015
_g3
650 7 _a330 Економіка взагалі
_2UDC
999 _c398579
_d398579